00275nam a2200109 a 4500008004100000050001900041100001900060245001300079246005500092260000900147350000900156120416s9999 ||||||||||||||||| || u aTHESIS/STUDENT aManyoni, Edith10aBranding aa unique point of differentiation for your product a2002 a0.00